000
00285nam a2200109 a 4500
005
20200930011240.0
008
100901s1997 000 spa d
020
_a
8492276010
245
0
_a
Supervisando escuelas para el desarrollo.
260
_a
Santo Domingo,
_c
1997.
999
_c
20661
_d
20661
040
_a
DO-SdBNP